| 000 | 00414nam a2200157Ia 4500 | ||
|---|---|---|---|
| 008 | 240729s9999 xx 000 0 und d | ||
| 022 | _a1891-5396 | ||
| 245 | 0 | _aFauna Norvegica | |
| 260 | _aNorway | ||
| 260 | _bNorwegian University of Science and Technology | ||
| 650 | _a Zoology | ||
| 650 | _aScience | ||
| 856 | _uhttps://doaj.org/toc/be63008942014e9db6f5e3c2335d5224 | ||
| 942 | _2ddc | ||
| 942 | _cDOAJEJ | ||
| 999 |
_c70937 _d70937 |
||
| 945 |
_a1 _bMadushi Gamage _c1 _dMadushi Gamage |
||